De Epistola Christi Ad Agbarum, Speciatim contra Theologum Anglum, Guil. Cave

Saved in:  
Bibliographic Details
Authors: Frauendorf, Johann Christoph 1664-1740 (Author) ; Möller, August (Author, Other)
Corporate Author: Universität Leipzig (Other)
Contributors: Knauthius, Johann (Other) ; Hanitschius, Johann Jacobus (Other) ; Abgar V. Osroene, König -50 (Other) ; Cave, William 1637-1713 (Other) ; Georgi, Johann -1701 (Printer)
Format: Electronic Book
Language:Latin
Check availability: HBZ Gateway
WorldCat: WorldCat
Interlibrary Loan:Interlibrary Loan for the Fachinformationsdienste (Specialized Information Services in Germany)
Published: Lipsiae Georg 1693
In:Year: 1693
Further subjects:B Streitschrift:theol
B Dissertation:theol
Online Access: Volltext (Resolving-System)
Volltext (kostenfrei)
Parallel Edition:Non-electronic
Sammlungen:

MARC

LEADER 00000cam a2200000 c 4500
001 1007315172
003 DE-627
005 20260226094752.0
007 cr uuu---uuuuu
008 171206s1693 gw |||||o 00| ||lat c
024 7 |a urn:nbn:de:gbv:23-drucke/wa-5975-11b-4s3  |2 urn 
024 7 |a VD17 23:623135C  |2 vd17 
026 |e ntr- o-l- osre Paqv C 1693R  |2 fei 
035 |a (DE-627)1007315172 
035 |a (DE-599)GBV1007315172 
035 |a (OCoLC)1014022011 
040 |a DE-627  |b ger  |c DE-627  |e rakwb 
041 |a lat 
044 |c XA-DE 
084 |a 1  |2 ssgn 
100 1 |0 (DE-588)116721103  |0 (DE-627)078199824  |0 (DE-576)290775256  |4 aut  |a Frauendorf, Johann Christoph  |d 1664-1740 
109 |a Frauendorf, Johann Christoph 1664-1740  |a Frauendorff, Johann Christoph 1664-1740  |a Frauendorfius, Joh. Christophorus 1664-1740  |a Frauendorf, Joh. Christoph 1664-1740  |a Frauendorff, Johannes Christoph 1664-1740  |a Frauendorf, Johannes Christoph 1664-1740  |a Frauendorff, Joannes Christophorus 1664-1740  |a Frauendorff, Johannes Christophorus 1664-1740  |a Frauendorfius, Johann Christoph 1664-1740  |a Frauendorfius, Johannes Christophorus 1664-1740 
245 1 0 |a De Epistola Christi Ad Agbarum, Speciatim contra Theologum Anglum, Guil. Cave  |c Disputabunt publice Praeses M. Joh. Christoph. Frauendorff/ Naumburgens. [et] Respondens Augustus Möller/ Dippoldiswalda-Misnicus ... Ad d. 21. Iun. MDCXCIII 
246 3 0 |a epistula abgarum 
256 |a Digitalisierungsvorlage: Original 
264 1 |a Lipsiae  |b Georg  |c 1693 
300 |a [20] Bl  |c 4° 
336 |a Text  |b txt  |2 rdacontent 
337 |a Computermedien  |b c  |2 rdamedia 
338 |a Online-Ressource  |b cr  |2 rdacarrier 
500 |a Nicht identisch mit VD17 12:138515A (dort ohne Widmungsempfänger) und VD17 23:622706U (dort andere Widmungsempfänger) 
533 |a Online-Ausg.  |b Wolfenbüttel  |c Herzog August Bibliothek  |d 2017  |e Online-Ressource  |f VD17 Unika und Liste  |7 |2017|||||||||| 
535 1 |a HAB Wolfenbüttel  |3 M: Wa 5975:11 (4) 
540 |q DE-23  |a Nutzungsrecht: Herzog August Bibliothek Wolfenbüttel 
655 7 |a Dissertation:theol  |0 (DE-627)096631155  |2 local 
655 7 |a Streitschrift:theol  |0 (DE-627)096633131  |2 local 
700 1 |0 (DE-588)128717653  |0 (DE-627)378312774  |0 (DE-576)297296558  |4 aut  |a Möller, August 
700 1 |a Knauthius, Johann  |e Widmungsempfänger  |4 oth 
700 1 |a Hanitschius, Johann Jacobus  |e Widmungsempfänger  |4 oth 
700 0 |0 (DE-588)11850018X  |0 (DE-627)694762210  |0 (DE-576)208837035  |4 oth  |a Abgar  |b V.  |c Osroene, König  |d -50 
700 1 |0 (DE-588)124646557  |0 (DE-627)521519837  |0 (DE-576)160543703  |4 oth  |a Cave, William  |d 1637-1713 
700 1 |0 (DE-588)136429149  |0 (DE-627)694375748  |0 (DE-576)301015236  |4 prt  |a Georgi, Johann  |d -1701 
710 2 |a Universität Leipzig  |4 oth 
751 |a Leipzig  |4 pup 
776 0 8 |i Erscheint auch als  |n Druck-Ausgabe  |a Frauendorf, Johann Christoph, 1664 - 1740  |t De Epistola Christi Ad Agbarum, Speciatim contra Theologum Anglum, Guil. Cave  |d Lipsiae : Georg, 1693  |h [20] Bl  |w (DE-627)536764360  |w (DE-576)9536764369  |k Non-Electronic 
856 4 0 |u http://diglib.hab.de/drucke/wa-5975-11b-4s/start.htm  |x Verlag  |z kostenfrei  |3 Volltext  |7 0 
856 4 0 |u http://nbn-resolving.de/urn:nbn:de:gbv:23-drucke/wa-5975-11b-4s3  |x Resolving-System  |3 Volltext  |7 1 
935 |a mteo 
951 |a BO 
ELC |a 1 
LOK |0 000 xxxxxcx a22 zn 4500 
LOK |0 001 4922796126 
LOK |0 003 DE-627 
LOK |0 004 1007315172 
LOK |0 005 20260226093400 
LOK |0 008 260226||||||||||||||||ger||||||| 
LOK |0 040   |a DE-Tue135  |c DE-627  |d DE-Tue135 
LOK |0 092   |o n 
LOK |0 852   |a DE-Tue135 
LOK |0 852 1  |9 00 
LOK |0 866   |x SPQUE#VD (Historische deutsche Nationalbibliographie)#SPSAM#VD17 
LOK |0 935   |a ixvd  |a ixv7 
LOK |0 939   |a 26-02-26  |b l01 
OAS |a 1 
ORI |a TA-MARC-ixtheoa001.raw